00333nam a2200133 a 4500008004100000020001900041040002500060041000800085044000700093100002400100245003400124250001300158260002800171960122s1990||||[C 0 cze c a8070230495c35 aSNKbslocSNKeAACR21 acze aCZ1 aMailer, Norman4aut10aAmerický sencNorman Mailer a1., vyd. aPrahabMelantrichc1990